[Event "CZE-ch Seniors 60"]
[Site "Rychnov nad Kneznou"]
[Date "2015.08.16"]
[Round "2"]
[White "Laska, Zdenek"]
[Black "Mlynek, Petr"]
[Result "0-1"]
[WhiteElo "1797"]
[BlackElo "2197"]
[PlyCount "104"]
[EventDate "2015.08.15"]
[EventType "swiss"]
[EventRounds "9"]
[EventCountry "CZE"]
[SourceTitle "EXT 2016"]
[Source "ChessBase"]
[SourceDate "2015.10.08"]
[SourceVersion "1"]
[SourceVersionDate "2015.10.08"]
[SourceQuality "1"]

1. d4 f5 2. Nf3 g6 3. g3 Bg7 4. Bg2 Nf6 5. 0-0 0-0 6. c4 d6 7. Nc3 c6 8. d5 e5 9. dxe6 Bxe6 10. Nd2 Nbd7 11. Rb1 Nb6 12. b3 d5 13. cxd5 Nfxd5 14. Nxd5 Nxd5 15. Bb2 Nc3 16. Bxc3 Bxc3 17. Nf3 Qf6 18. Qc2 Rad8 19. Rbd1 Ba5 20. Rxd8 Rxd8 21. e3 Bb6 22. Rd1 g5 23. Rxd8+ Qxd8 24. Qd2 Qxd2 25. Nxd2 Kf7 26. Kf1 Bc7 27. Nf3 Kf6 28. Nd4 Bf7 29. f4 h6 30. Ke2 a6 31. Nc2 Ba5 32. Kd3 Bh5 33. Bh1 Be8 34. Bg2 b5 35. e4 gxf4 36. gxf4 fxe4+ 37. Bxe4 c5 38. Ne3 Bd8 39. Ng4+ Kg7 40. Ne3 Bc7 41. Nd5 Bd6 42. Ke3 Bf7 43. Kd3 a5 44. Ke3 h5 45. Nc3 c4 46. bxc4 Bc5+ 47. Kd2 Bxc4 48. Bd5 Bxd5 49. Nxd5 Kg6 50. Ke2 Kf5 51. Kf3 b4 52. h4 a4 0-1

[Event "CZE-ch Seniors 60"]
[Site "Rychnov nad Kneznou"]
[Date "2015.08.15"]
[Round "1"]
[White "Juricek, Stanislav"]
[Black "Laska, Zdenek"]
[Result "1/2-1/2"]
[WhiteElo "2112"]
[BlackElo "1797"]
[PlyCount "52"]
[EventDate "2015.08.15"]
[EventType "swiss"]
[EventRounds "9"]
[EventCountry "CZE"]
[SourceTitle "EXT 2016"]
[Source "ChessBase"]
[SourceDate "2015.10.08"]
[SourceVersion "1"]
[SourceVersionDate "2015.10.08"]
[SourceQuality "1"]

1. e4 c5 2. Nf3 d6 3. d4 cxd4 4. Qxd4 Nc6 5. Bb5 Bd7 6. Bxc6 Bxc6 7. Nc3 Nf6 8. Bg5 e6 9. 0-0-0 Be7 10. Rhe1 0-0 11. Qd2 Qc7 12. Nd4 a6 13. f3 Rfd8 14. Kb1 Rac8 15. g4 b5 16. Nce2 a5 17. Ng3 b4 18. Nxc6 Qxc6 19. Nh5 a4 20. Bxf6 Bxf6 21. Nxf6+ gxf6 22. g5 f5 23. exf5 b3 24. cxb3 axb3 25. axb3 Qxf3 26. Rf1 Qxb3 1/2-1/2